Review of construction and demolition waste management legislation in the UK (Record no. 115574)

MARC details
000 -LEADER
fixed length control field 01665cad a2200289 4500
001 - CONTROL NUMBER
control field L158896
008 - FIXED-LENGTH DATA ELEMENTS--GENERAL INFORMATION
fixed length control field 100215n2013 000 0 eng u
020 ## - INTERNATIONAL STANDARD BOOK NUMBER
International Standard Book Number 9781783210305
035 ## - SYSTEM CONTROL NUMBER
System control number (Sirsi) u158896
041 ## - LANGUAGE CODE
Language code of text/sound track or separate title eng
100 1# - MAIN ENTRY--PERSONAL NAME
Personal name Adjei, Solomon
111 2# - MAIN ENTRY--MEETING NAME
Meeting name or jurisdiction name as entry element Construction and Building Research Conference
Location of meeting IIT Delhi, New Delhi
Date of meeting or treaty signing 10-12 September 2013
245 00 - TITLE STATEMENT
Title Review of construction and demolition waste management legislation in the UK
Medium [electronic resource]
260 ## - PUBLICATION, DISTRIBUTION, ETC.
Place of publication, distribution, etc. London
Name of publisher, distributor, etc. RICS
Date of publication, distribution, etc. 2013
490 #0 - SERIES STATEMENT
Series statement COBRA
Volume/sequential designation 2013
520 ## - SUMMARY, ETC.
Summary, etc. A paper presented at the COBRA Conference in New Delhi on 10-12 September 2013. Critically reviews UK waste policy changes over the past two decades and examines their implications for the management of construction and demolition (C&D) waste. The main state interventions that have had an impact on the construction industry are the requirement of construction project clients to prepare and implement site waste management plans for their developments as well as the progressively increasing landfill charges.
650 24 - SUBJECT ADDED ENTRY--TOPICAL TERM
Topical term or geographic name entry element CONSTRUCTION AND BUILDING RESEARCH CONFERENCE (COBRA)
650 24 - SUBJECT ADDED ENTRY--TOPICAL TERM
Topical term or geographic name entry element WASTE MANAGEMENT STRATEGIES
650 24 - SUBJECT ADDED ENTRY--TOPICAL TERM
Topical term or geographic name entry element DEMOLITION WASTE
650 24 - SUBJECT ADDED ENTRY--TOPICAL TERM
Topical term or geographic name entry element ENVIRONMENTAL AND LAND CONSULTANCY-WASTE MANAGEMENT
651 #4 - SUBJECT ADDED ENTRY--GEOGRAPHIC NAME
Geographic name United Kingdom
Chronological subdivision
690 ## - LOCAL SUBJECT ADDED ENTRY--TOPICAL TERM (OCLC, RLIN)
Topical term or geographic name as entry element Minerals and waste
9 (RLIN) 6257
700 1# - ADDED ENTRY--PERSONAL NAME
Personal name Ndekugri, Issaka
700 1# - ADDED ENTRY--PERSONAL NAME
Personal name Ankrah, Nii
856 40 - ELECTRONIC LOCATION AND ACCESS
Uniform Resource Identifier <a href="https://www.rics.org/Global/REVIEW%20OF%20CONSTRUCTION%20AND%20DEMOLITION%20WASTE%20MANAGEMENT%20LEGISLATION%20IN%20THE%20UK.pdf">https://www.rics.org/Global/REVIEW%20OF%20CONSTRUCTION%20AND%20DEMOLITION%20WASTE%20MANAGEMENT%20LEGISLATION%20IN%20THE%20UK.pdf</a>
Public note View this item free of charge at www.rics.org
-- View this item free of charge at www.rics.org
942 ## - ADDED ENTRY ELEMENTS (KOHA)
Suppress in OPAC 0
Holdings
Withdrawn status Lost status Source of classification or shelving scheme Damaged status Not for loan Home library Current library Shelving location Date acquired Total Checkouts Full call number Barcode Date last seen Copy number Price effective from Koha item type
    Dewey Decimal Classification     Virtual Virtual Online 19/09/2015   ONLINE PUBLICATION 158896-2001 06/08/2019 1 06/08/2019 Book